|
|
|
|
| LEADER |
00000nam0a2200000 4500 |
| 001 |
12575 |
| 005 |
20231101204833.0 |
| 010 |
|
|
|a 583670001X
|
| 035 |
|
|
|a (RuTPU)RU\TPU\book\12653
|
| 035 |
|
|
|a BOOK00012719
|
| 090 |
|
|
|a 12575
|
| 100 |
|
|
|a 20011209d1998 m y0rusy50 ca
|
| 101 |
0 |
|
|a rus
|
| 102 |
|
|
|a RU
|
| 105 |
|
|
|a y j 000zy
|
| 200 |
1 |
|
|a Основы проектирования машин
|e учебное пособие
|f Д. В. Чернилевский
|
| 210 |
|
|
|a Москва
|c Учебная литература
|d 1998
|
| 215 |
|
|
|a 472 с.
|
| 606 |
1 |
|
|a Детали машин
|x Проектирование
|2 stltpush
|3 (RuTPU)RU\TPU\subj\9172
|9 36450
|
| 610 |
1 |
|
|a машины
|
| 610 |
1 |
|
|a механические передачи
|
| 610 |
1 |
|
|a узлы
|
| 610 |
1 |
|
|a учебные пособия
|
| 610 |
1 |
|
|a машиностроение
|
| 675 |
|
|
|a 621.81.001.63(075.8)
|v 3
|
| 700 |
|
1 |
|a Чернилевский
|b Д. В.
|g Дмитрий Владимирович
|
| 801 |
|
0 |
|a RU
|b 63413507
|c 20011209
|g PSBO
|
| 801 |
|
2 |
|a RU
|b 63413507
|c 20201026
|g PSBO
|
| 942 |
|
|
|c BK
|